<?xml version="1.0" encoding="UTF-8"?>
<record
    xmlns:xsi="http://www.w3.org/2001/XMLSchema-instance"
    xsi:schemaLocation="http://www.loc.gov/MARC21/slim http://www.loc.gov/standards/marcxml/schema/MARC21slim.xsd"
    xmlns="http://www.loc.gov/MARC21/slim">

  <leader>01835cam a22003134a 4500</leader>
  <controlfield tag="001">4354798</controlfield>
  <controlfield tag="005">20220326193307.0</controlfield>
  <controlfield tag="008">991205s1998    cr a     b    000 0 spa  </controlfield>
  <datafield tag="010" ind1=" " ind2=" ">
    <subfield code="a">   00277834 </subfield>
  </datafield>
  <datafield tag="020" ind1=" " ind2=" ">
    <subfield code="a">9968976334</subfield>
  </datafield>
  <datafield tag="035" ind1=" " ind2=" ">
    <subfield code="a">(OCoLC)ocm46609899</subfield>
  </datafield>
  <datafield tag="035" ind1=" " ind2=" ">
    <subfield code="a">(NNC)4354798</subfield>
  </datafield>
  <datafield tag="040" ind1=" " ind2=" ">
    <subfield code="a">DLC</subfield>
    <subfield code="c">DLC</subfield>
    <subfield code="d">IQU</subfield>
    <subfield code="d">FXG</subfield>
  </datafield>
  <datafield tag="042" ind1=" " ind2=" ">
    <subfield code="a">pcc</subfield>
  </datafield>
  <datafield tag="043" ind1=" " ind2=" ">
    <subfield code="a">nccr---</subfield>
  </datafield>
  <datafield tag="082" ind1=" " ind2=" ">
    <subfield code="a">306.47</subfield>
    <subfield code="b">R454r</subfield>
  </datafield>
  <datafield tag="100" ind1=" " ind2=" ">
    <subfield code="a">Museo de Arte Costarricense,</subfield>
    <subfield code="9">1817</subfield>
  </datafield>
  <datafield tag="110" ind1=" " ind2=" ">
    <subfield code="a">Museo de Arte Costarricense,</subfield>
    <subfield code="9">1818</subfield>
  </datafield>
  <datafield tag="245" ind1="0" ind2="0">
    <subfield code="a">Re-visi&#xF3;n de un siglo 1897-1997 :</subfield>
    <subfield code="b">ciclo de conferencias sobre arte y sociedad.</subfield>
  </datafield>
  <datafield tag="250" ind1=" " ind2=" ">
    <subfield code="a">1. ed.</subfield>
  </datafield>
  <datafield tag="260" ind1=" " ind2=" ">
    <subfield code="a">San Jos&#xE9; :</subfield>
    <subfield code="b">Museo de Arte Costarricense,</subfield>
    <subfield code="c">1998.</subfield>
  </datafield>
  <datafield tag="300" ind1=" " ind2=" ">
    <subfield code="a">122 p. :</subfield>
    <subfield code="b">ill. (some col.) ;</subfield>
    <subfield code="c">cm.</subfield>
  </datafield>
  <datafield tag="504" ind1=" " ind2=" ">
    <subfield code="a">Includes bibliographical references.</subfield>
  </datafield>
  <datafield tag="505" ind1="0" ind2=" ">
    <subfield code="a">M&#xE1;s alla de la casa de adobes : el trasfondo social de la alta cultura en Costa Rica (1890-1950) / Iv&#xE1;n Molina Jim&#xE9;nez -- Cultura y arte en Costa Rica en el siglo XIX / Carlos Mel&#xE9;ndez Chaverri -- Entre la aldea y el mundo : 100 a&#xF1;os de literatura costarricense / Margarita Rojas Gonz&#xE1;lez -- M&#xFA;sica y sociedad : pr&#xE1;cticas musicales en Costa Rica (1880-1914) / Mar&#xED;a Clara Vargas Cullel -- Cucaracheros queridos : teatro y p&#xFA;blico en Costa Rica / Ana Patricia Fumero Vargas -- A principios de siglo en el Barrio Am&#xF3;n (1900-1930) / Florencia Quesada Avenda&#xF1;o -- Las diversiones p&#xFA;blicas en Costa Rica : 1850-1950 / Ana Patricia Fumero Vargas -- El desorden del discurso : (imaginario y filosof&#xED;a costarricense) / Alexander Jim&#xE9;nez Matarrita.</subfield>
    <subfield code="r">Ivan Molina </subfield>
    <subfield code="t">M&#xE1;s all&#xE1; de la casa de adobe, El transfondo social de la alta cultura en Costa Rica (1890-1950)</subfield>
  </datafield>
  <datafield tag="650" ind1=" " ind2="0">
    <subfield code="a">Arts and society</subfield>
    <subfield code="z">Costa Rica.</subfield>
    <subfield code="9">1819</subfield>
  </datafield>
  <datafield tag="650" ind1=" " ind2="0">
    <subfield code="a">Arts, Costa Rican</subfield>
    <subfield code="y">20th century.</subfield>
    <subfield code="9">1820</subfield>
  </datafield>
  <datafield tag="710" ind1=" " ind2=" ">
    <subfield code="a">Museo de Arte Costarricense,</subfield>
    <subfield code="9">1821</subfield>
  </datafield>
  <datafield tag="999" ind1=" " ind2=" ">
    <subfield code="c">383</subfield>
    <subfield code="d">383</subfield>
  </datafield>
  <datafield tag="952" ind1=" " ind2=" ">
    <subfield code="0">0</subfield>
    <subfield code="1">0</subfield>
    <subfield code="2">ddc</subfield>
    <subfield code="4">0</subfield>
    <subfield code="7">0</subfield>
    <subfield code="a">LV</subfield>
    <subfield code="b">LV</subfield>
    <subfield code="c">Pensamiento</subfield>
    <subfield code="d">2014-11-28</subfield>
    <subfield code="l">0</subfield>
    <subfield code="o">306.47 R454r</subfield>
    <subfield code="p">000324</subfield>
    <subfield code="r">2014-11-28 00:00:00</subfield>
    <subfield code="w">2014-11-28</subfield>
    <subfield code="y">01</subfield>
  </datafield>
</record>
